• 首页
  • 本馆介绍
  • 公告通知
  • 最新文献
  • 馆藏检索
  • 电子资源
  • 读者导购
  • 参考咨询
  • 我的图书馆
  • 登录
  • 详细信息显示
  • 放入我的书架
  • 预约/预借图书
  • 作者相关作品
  • 分类相关作品
  • 丛书相关作品
  • 出版社相关作品

书目信息

  • 表格格式
  • 工作单格式
  • 卡片格式
书名: BUSSINESS DIRECTORY OF HONG KONG
作者: CHARLES LAU.
分册号:
分册名:
出版地: HONG KONG :
 
出版社: CURRENT PUBLICATIONS LIMITED
出版时间: 1989.
页数: 842 p. ;
开本: 26cm.
丛书名:
中图分类号:
科图分类号:
其他分类号: F279.276.58
主题词:
电子资源:
000 00462nam 2200157 a 4500
001 E0761724879
005 20070425171305.92
008 070425s1989 00010 eng
020    @a962-7046-01-9 :@cCNY40.00.
040    @aPFT@beng
090    @aF279.276.58
099    @dF279.276.58@ex5
242    @a香港企业名录
245 1  @aBUSSINESS DIRECTORY OF HONG KONG :@b1989 / @cCHARLES LAU.
260    @aHONG KONG :@bCURRENT PUBLICATIONS LIMITED,@c1989.
300    @a842 p. ;@c26cm.
    
    BUSSINESS DIRECTORY OF HONG KONG : : 1989 / / CHARLES LAU.-HONG KONG : : CURRENT PUBLICATIONS LIMITED, , 1989.
    842 p. ; ; 26cm.
    
    
    ISBN 962-7046-01-9 :CNY40.00.
    
●
相关链接 在E读中查询图书 在五车中查询图书 在当当中查询图书 在豆瓣中查询图书


正题名:BUSSINESS DIRECTORY OF HONG KONG     索取号:F279.276.58/x5         预约/预借

序号 登录号 条形码 馆藏地/架位号 状态 备注
1 184641   001166838   第二样本阅览室/ [索取号:F279.276.58/x5] 在馆    
唐山师范学院图书馆 欢迎您!
大连网信软件有限公司© 版权所有